Exposición-memoria que eleva a las Cortes el Fomento de la Producción Española con motivo de las autorizaciones pedidas por el gobierno español para ajustar un "modus vivendi comercial", un arreglo subsidiario y un tratado definitivo con Inglaterra. (Record no. 52004)

MARC details
000 -LEADER
campo de control de longitud fija 00824nam a2200181 i 4500
001 - NÚMERO DE CONTROL
campo de control 52004
003 - IDENTIFICADOR DE NÚMERO DE CONTROL
campo de control ES-MaACL
005 - FECHA Y HORA DE LA ÚLTIMA TRANSACCIÓN
campo de control 20250603172509.0
007 - CAMPO FIJO DE DESCRIPCIÓN FÍSICA--INFORMACIÓN GENERAL
campo de control de longitud fija t|
008 - DATOS DE LONGITUD FIJA--INFORMACIÓN GENERAL
campo de control de longitud fija 201027s1885 sp ||||1| spa d
110 0# - ENTRADA PRINCIPAL--NOMBRE DE ENTIDAD CORPORATIVA
Nombre de entidad corporativa o nombre de jurisdicción como elemento de entrada Fomento de la Producción Española.
9 (RLIN) 4135
245 10 - MENCIÓN DEL TÍTULO
Título Exposición-memoria que eleva a las Cortes el Fomento de la Producción Española con motivo de las autorizaciones pedidas por el gobierno español para ajustar un "modus vivendi comercial", un arreglo subsidiario y un tratado definitivo con Inglaterra.
260 ## - PUBLICACIÓN, DISTRIBUCIÓN, ETC.
Lugar de publicación, distribución, etc. Barcelona :
Nombre del editor, distribuidor, etc. [s.n.],
Fecha de publicación, distribución, etc. 1885 (
Fabricante Establecimiento Tipográfico de los Sucesores de N. Ramírez y Compañía)
300 ## - DESCRIPCIÓN FÍSICA
Extensión 111 p. ;
Dimensiones 24 cm.
651 #7 - PUNTO DE ACCESO ADICIONAL DE MATERIA--NOMBRE GEOGRÁFICO
Nombre geográfico España-
Subdivisión general Comercio exterior-
Subdivisión geográfica Gran Bretaña
Fuente del encabezamiento o término
9 (RLIN) 172049
852 ## - LOCALIZACIÓN
Ubicación ES-MaACL
Número de control de estantería T-442-F-2
Holdings
Estatus retirado Estado de pérdida Estado de daño No para préstamo Colección Biblioteca de origen Biblioteca actual Ubicación en estantería Fecha de adquisición Fuente de adquisición Total de préstamos Signatura topográfica completa Código de barras Visto por última vez Precio de reemplazo Tipo de ítem Koha
        Colección de folletos Biblioteca del Ateneo de Madrid Biblioteca del Ateneo de Madrid Depósito folletos 01/07/2005     T-442-F-2 1202242 23/02/2023 23/02/2023 Folleto